Sotto la notizia niente - Saggio sull'informazione planetaria (Record n. 94981)
[ formato base ]
| 000 -LEADER | |
|---|---|
| fixed length control field | 01701nam a2200289Ia 4500 |
| 001 - CONTROL NUMBER | |
| control field | C7746 |
| 003 - CONTROL NUMBER IDENTIFIER | |
| control field | IT-RoPAU |
| 008 - FIXED-LENGTH DATA ELEMENTS--GENERAL INFORMATION | |
| fixed length control field | 130308s9999 xx 000 0 und d |
| 040 ## - CATALOGING SOURCE | |
| Original cataloging agency | IT-RoPAU |
| 040 ## - CATALOGING SOURCE | |
| Transcribing agency | IT-RoPAU |
| 041 ## - LANGUAGE CODE | |
| Language code of text/sound track or separate title | ITALIANO |
| 100 ## - MAIN ENTRY--PERSONAL NAME | |
| Personal name | Fracassi Claudio |
| 100 ## - MAIN ENTRY--PERSONAL NAME | |
| Miscellaneous information | Codice Aut. SPICS: 6487 |
| 245 ## - TITLE STATEMENT | |
| Title | Sotto la notizia niente - Saggio sull'informazione planetaria |
| 245 ## - TITLE STATEMENT | |
| Remainder of title | Sotto la notizia niente - Saggio sull'informazione Planetaria |
| 250 ## - EDITION STATEMENT | |
| Edition statement | 1a ed. |
| 260 ## - PUBLICATION, DISTRIBUTION, ETC. (IMPRINT) | |
| Place of publication, distribution, etc. | ROMA |
| 260 ## - PUBLICATION, DISTRIBUTION, ETC. (IMPRINT) | |
| Name of publisher, distributor, etc. | Libera Informazione Editrice |
| 260 ## - PUBLICATION, DISTRIBUTION, ETC. (IMPRINT) | |
| Date of publication, distribution, etc. | 1994 [1° Ed.:1994 - Ed.Ling.Originale:1994] |
| 300 ## - PHYSICAL DESCRIPTION | |
| Extent | "254 p. (prefazione: no ; testo: 254 [pagine: 0-0])" |
| 500 ## - GENERAL NOTE | |
| General note | Come Nasce una Notizia? Come si Forma, Attraverso Il Racconto di Giornali e Tv, la nostra Coscienza del Mondo? tra Riflessione Filosofica e ricostruzione Storica, Dalle bugie nella Guerra di Crimea a Quelle nella Ex Jugoslavia, da Reagan a Berlusconi, dal Telegrafo meccanico Alla Realtà Virtuale, un Libro per Smontare I Meccanismi dell'informazione e per Capire che Cosa C'E' Dentro. Come I Fatti Diventano Notizie. fabbrica della Realtà. vendere la Guerra: Informazione e Guerre. Vietnam in Salotto: Vietnam una Guerra Non Censurata, Falkland Mlvinas una Carneficina Oscurata. Teleguerre: Inganno informativo nel Golfo. commercio del Consenso: Informazione. propaganda e Potere. Chi Decide nel Villaggio: flussi dell'informazione nord Sud, Telematica, Realtà Virtuale. Realtà e Immagine: Alfabetizzazione All'Informazione, Nostri Diritti. Fonti e Bibliografia Essenziale. |
| 650 ## - SUBJECT ADDED ENTRY--TOPICAL TERM | |
| Topical term or geographic name as entry element | SAGGI DI GIORNALISMO |
| 650 ## - SUBJECT ADDED ENTRY--TOPICAL TERM | |
| Relator term | Codice materia Spics: 7061 |
| 942 ## - ADDED ENTRY ELEMENTS (KOHA) | |
| Koha item type | LIBRO |
| 957 ## - | |
| -- | 1 |
| 999 ## - SYSTEM CONTROL NUMBERS (KOHA) | |
| -- | 1 |
| Withdrawn status | Lost status | Damaged status | Not for loan | Home library | Current library | Date acquired | Total Checkouts | Full call number | Date last seen | Price effective from | Koha item type | Public note |
|---|---|---|---|---|---|---|---|---|---|---|---|---|
| Buone Condizioni | Not For Loan | SPICS-MEDIATECA | SPICS-MEDIATECA | 08/03/2013 | C7746 | 08/03/2013 | 08/03/2013 | LIBRO | Progressivo inserimento: 53078 / N. Volumi: 1 Copie: 1 / data import: 1 marzo 2013 - By Epidotti, Trombetti, Vaglietti. |